[Event "Romanian-ch Women 2022"]
[Site "Eforie Nord"]
[Date "2022.02.25"]
[Round "7.6"]
[White "Baciu, Anca-Otilia"]
[Black "Batagan, Ilinca-Petra"]
[Result "1-0"]
[WhiteElo "2014"]
[BlackElo "1881"]
[Annotator "NA"]
[PlyCount "97"]
[EventDate "2022.02.20"]
[EventType "swiss"]
[EventCountry "ROU"]
[SourceTitle "playchess.com"]
[Source "ChessBase"]
[SourceQuality "1"]
[TimeControl "40/5400+30:900+30"]

1. e4 {[%emt 0:00:00]} c5 {[%emt 0:00:00]} 2. Nf3 {[%emt 0:00:00]} d6 {[%emt 0:00:00]} 3. d4 {[%emt 0:00:00]} cxd4 {[%emt 0:00:08]} 4. Nxd4 {[%emt 0:00:00]} Nf6 {[%emt 0:00:30]} 5. Nc3 {[%emt 0:00:18]} a6 {[%emt 0:00:30]} 6. Bc4 {[%emt 0:00:30]} e6 {[%emt 0:00:30]} 7. O-O {[%emt 0:00:30]} b5 {[%emt 0:00:30]} 8. Bb3 {[%emt 0:00:30]} Be7 {[%emt 0:00:30]} 9. f4 {[%emt 0:00:30]} Bb7 {[%emt 0:00:30]} 10. Be3 {[%emt 0:00:30]} b4 {[%emt 0:00:30]} 11. Nd5 {[%emt 0:00:30]} exd5 {[%emt 0:00:30]} 12. e5 {[%emt 0:00:30]} dxe5 {[%emt 0:00:30]} 13. fxe5 {[%emt 0:00:30]} O-O {[%emt 0:00:30]} 14. exf6 {[%emt 0:00:30]} Bxf6 {[%emt 0:00:30]} 15. Qg4 {[%emt 0:00:30]} Nc6 {[%emt 0:00:30]} 16. Rad1 {[%emt 0:00:30]} Nxd4 {[%emt 0:00:30]} 17. Bxd4 {[%emt 0:00:30]} Bxd4+ {[%emt 0:00:30]} 18. Qxd4 {[%emt 0:00:30]} a5 {[%emt 0:00:30]} 19. Bxd5 {[%emt 0:00:30]} Bxd5 {[%emt 0:00:30]} 20. Qxd5 {[%emt 0:00:30]} Qxd5 {[%emt 0:00:30]} 21. Rxd5 {[%emt 0:00:30]} Rfd8 {[%emt 0:00:30]} 22. Rfd1 {[%emt 0:00:30]} Rxd5 {[%emt 0:00:30]} 23. Rxd5 {[%emt 0:00:30]} Kf8 {[%emt 0:00:30]} 24. Rc5 {[%emt 0:00:30]} Ke7 {[%emt 0:00:30]} 25. Kf2 {[%emt 0:00:30]} Kd6 {[%emt 0:00:30]} 26. Rc4 {[%emt 0:00:30]} Re8 {[%emt 0:00:30]} 27. c3 {[%emt 0:00:30]} bxc3 {[%emt 0:00:30]} 28. Rxc3 {[%emt 0:00:30]} Re7 {[%emt 0:00:30]} 29. Rc4 {[%emt 0:00:30]} g6 {[%emt 0:00:30]} 30. g4 {[%emt 0:00:30]} Re5 {[%emt 0:00:30]} 31. Kf3 {[%emt 0:00:30]} f5 {[%emt 0:00:30]} 32. g5 {[%emt 0:00:30]} Re7 {[%emt 0:00:30]} 33. Ra4 {[%emt 0:00:30]} Re5 {[%emt 0:00:30]} 34. Rd4+ {[%emt 0:00:30]} Rd5 {[%emt 0:00:30]} 35. Rh4 {[%emt 0:00:30]} Rd2 {[%emt 0:00:30]} 36. Rxh7 {[%emt 0:00:30]} Rxb2 {[%emt 0:00:30]} 37. Rh6 {[%emt 0:00:30]} Rxa2 {[%emt 0:00:30]} 38. Rxg6+ {[%emt 0:00:30]} Ke7 {[%emt 0:00:30]} 39. h4 {[%emt 0:00:30]} Rh2 {[%emt 0:00:30]} 40. Kg3 {[%emt 0:00:30]} Rh1 {[%emt 0:00:30]} 41. Rf6 {[%emt 0:15:30]} Rf1 {[%emt 0:15:30]} 42. h5 {[%emt 0:00:30]} Rg1+ {[%emt 0:00:30]} 43. Kf4 {[%emt 0:00:30]} Rf1+ {[%emt 0:00:30]} 44. Ke5 {[%emt 0:00:30]} a4 {[%emt 0:00:30]} 45. Ra6 {[%emt 0:00:30]} Kf7 {[%emt 0:00:30]} 46. Ra7+ {[%emt 0:00:30]} Kg8 {[%emt 0:00:30]} 47. Kf6 {[%emt 0:00:30]} Rb1 {[%emt 0:00:30]} 48. Ra8+ {[%emt 0:00:30]} Kh7 {[%emt 0:00:30]} 49. g6+ {[%emt 0:00:30]} 1-0

[Event "Romanian-ch Women 2022"]
[Site "Eforie Nord"]
[Date "2022.02.25"]
[Round "7.7"]
[White "Didiliuc, Dariana-Gabriela"]
[Black "Trifoi, Mihaela-Ioana"]
[Result "1-0"]
[WhiteElo "1841"]
[BlackElo "1893"]
[Annotator "NA"]
[PlyCount "160"]
[EventDate "2022.02.20"]
[EventType "swiss"]
[EventCountry "ROU"]
[SourceTitle "playchess.com"]
[Source "ChessBase"]
[SourceQuality "1"]
[TimeControl "40/5400+30:900+30"]

1. d4 {[%emt 0:02:17]} d5 {[%emt 0:00:00]} 2. c4 {[%emt 0:00:17]} e6 {[%emt 0:00:25]} 3. Nc3 {[%emt 0:00:24]} Nf6 {[%emt 0:00:25]} 4. cxd5 {[%emt 0:00:18]} exd5 {[%emt 0:00:20]} 5. Bg5 {[%emt 0:00:18]} Be7 {[%emt 0:00:21]} 6. e3 {[%emt 0:00:25]} O-O {[%emt 0:00:27]} 7. Bd3 {[%emt 0:00:25]} h6 {[%emt 0:00:07]} 8. Bh4 {[%emt 0:00:25]} b6 {[%emt 0:01:24]} 9. Qc2 {[%emt 0:00:27]} Bb7 {[%emt 0:01:44]} 10. Nge2 {[%emt 0:00:23]} Nbd7 {[%emt 0:00:55]} 11. O-O {[%emt 0:00:34]} c5 {[%emt 0:01:51]} 12. Rad1 {[%emt 0:00:33]} Ne4 {[%emt 0:01:56]} 13. Bxe7 {[%emt 0:02:56]} Qxe7 {[%emt 0:00:10]} 14. Rfe1 {[%emt 0:02:16]} Rac8 {[%emt 0:03:07]} 15. Nf4 {[%emt 0:09:38]} Nxc3 {[%emt 0:03:38]} 16. Qxc3 {[%emt 0:05:01]} Nf6 {[%emt 0:04:55]} 17. Bb1 {[%emt 0:01:46]} Ne4 {[%emt 0:02:39]} 18. Qd3 {[%emt 0:00:40]} Rfd8 {[%emt 0:13:55]} 19. Qa3 {[%emt 0:15:34]} a6 {[%emt 0:12:08]} 20. Qb3 {[%emt 0:02:11]} b5 {[%emt 0:00:15]} 21. dxc5 {[%emt 0:01:27]} Nxc5 {[%emt 0:00:20]} 22. Qb4 {[%emt 0:02:07]} Qg5 {[%emt 0:06:31]} 23. Nh3 {[%emt 0:04:49]} Qf6 {[%emt 0:00:21]} 24. b3 {[%emt 0:04:11]} Ne6 {[%emt 0:01:12]} 25. Qg4 {[%emt 0:02:23]} d4 {[%emt 0:01:21]} 26. e4 {[%emt 0:01:09]} Rc3 {[%emt 0:05:41]} 27. e5 {[%emt 0:04:29]} Qe7 {[%emt 0:00:24]} 28. Nf4 {[%emt 0:03:26]} Qg5 {[%emt 0:15:15]} 29. Qxg5 {[%emt 0:01:26]} Nxg5 {[%emt 0:00:16]} 30. Ne2 {[%emt 0:00:14]} Rc5 {[%emt 0:01:42]} 31. Rxd4 {[%emt 0:00:59]} Re8 {[%emt 0:03:05]} 32. f4 {[%emt 0:07:39]} Ne6 {[%emt 0:00:31]} 33. Rd7 {[%emt 0:02:07]} Bc8 {[%emt 0:02:13]} 34. Rd6 {[%emt 0:00:52]} a5 {[%emt 0:00:46]} 35. Red1 {[%emt 0:02:05]} b4 {[%emt 0:03:11]} 36. R6d5 {[%emt 0:01:03]} Ba6 {[%emt 0:06:40]} 37. Rxc5 {[%emt 0:11:34]} Nxc5 {[%emt 0:00:10]} 38. Ng3 {[%emt 0:00:53]} a4 {[%emt 0:01:08]} 39. bxa4 {[%emt 0:02:22]} Nxa4 {[%emt 0:00:08]} 40. Rd4 {[%emt 0:00:00]} Rb8 {[%emt 0:00:00]} 41. Bc2 {[%emt 0:01:57]} Nc5 {[%emt 0:01:29]} 42. Nf5 {[%emt 0:03:05]} Ne6 {[%emt 0:03:41]} 43. Re4 {[%emt 0:00:35]} Kf8 {[%emt 0:00:11]} 44. Nd6 {[%emt 0:02:06]} Nc5 {[%emt 0:00:33]} 45. Re1 {[%emt 0:01:23]} Bd3 {[%emt 0:03:48]} 46. Rc1 {[%emt 0:01:56]} b3 {[%emt 0:04:27]} 47. Bxb3 {[%emt 0:00:46]} Nxb3 {[%emt 0:00:14]} 48. axb3 {[%emt 0:00:06]} Rxb3 {[%emt 0:00:34]} 49. Rc8+ {[%emt 0:00:08]} Ke7 {[%emt 0:00:07]} 50. Rc7+ {[%emt 0:00:14]} Ke6 {[%emt 0:01:16]} 51. Rxf7 {[%emt 0:00:58]} g6 {[%emt 0:01:10]} 52. Rf6+ {[%emt 0:01:44]} Ke7 {[%emt 0:00:25]} 53. Nf7 {[%emt 0:00:46]} Rb2 {[%emt 0:01:26]} 54. Nh8 {[%emt 0:02:54]} g5 {[%emt 0:00:58]} 55. fxg5 {[%emt 0:00:40]} hxg5 {[%emt 0:00:07]} 56. Ng6+ {[%emt 0:00:25]} Ke8 {[%emt 0:01:50]} 57. g4 {[%emt 0:00:41]} Rb1+ {[%emt 0:01:06]} 58. Kg2 {[%emt 0:00:14]} Rb2+ {[%emt 0:01:23]} 59. Kg3 {[%emt 0:01:24]} Rb1 {[%emt 0:00:51]} 60. h3 {[%emt 0:02:15]} Rg1+ {[%emt 0:02:33]} 61. Kh2 {[%emt 0:00:13]} Re1 {[%emt 0:00:23]} 62. e6 {[%emt 0:01:16]} Bxg6 {[%emt 0:00:34]} 63. Rxg6 {[%emt 0:00:06]} Re5 {[%emt 0:00:06]} 64. h4 {[%emt 0:02:25]} gxh4 {[%emt 0:00:14]} 65. Kh3 {[%emt 0:00:06]} Ke7 {[%emt 0:00:13]} 66. Kxh4 {[%emt 0:00:08]} Re1 {[%emt 0:00:50]} 67. Kg5 {[%emt 0:02:45]} Re5+ {[%emt 0:00:39]} 68. Kh6 {[%emt 0:00:11]} Re1 {[%emt 0:00:15]} 69. g5 {[%emt 0:00:57]} Rh1+ {[%emt 0:01:23]} 70. Kg7 {[%emt 0:00:06]} Rg1 {[%emt 0:00:10]} 71. Kg8 {[%emt 0:00:06]} Rg2 {[%emt 0:00:11]} 72. Rg7+ {[%emt 0:02:35]} Kxe6 {[%emt 0:00:07]} 73. Kh7 {[%emt 0:00:14]} Kf5 {[%emt 0:02:43]} 74. Rf7+ {[%emt 0:00:11]} Ke6 {[%emt 0:00:04]} 75. g6 {[%emt 0:00:04]} Rg1 {[%emt 0:00:48]} 76. Rf2 {[%emt 0:00:11]} Ke7 {[%emt 0:00:36]} 77. g7 {[%emt 0:00:08]} Rh1+ {[%emt 0:00:13]} 78. Kg8 {[%emt 0:00:06]} Rg1 {[%emt 0:00:12]} 79. Re2+ {[%emt 0:00:04]} Kd6 {[%emt 0:01:50]} 80. Re4 {[%emt 0:00:19]} Kd5 {[%emt 0:00:00]} 1-0

[Event "Romanian-ch Women 2022"]
[Site "Eforie Nord"]
[Date "2022.02.25"]
[Round "7.8"]
[White "Panainte, Andreea-Bianca"]
[Black "Marin, Irina-Luiza"]
[Result "1-0"]
[WhiteElo "1865"]
[BlackElo "2058"]
[Annotator "ChessBase"]
[PlyCount "71"]
[EventDate "2022.02.20"]
[EventType "swiss"]
[EventCountry "ROU"]
[SourceTitle "playchess.com"]
[Source "ChessBase"]
[SourceQuality "1"]
[TimeControl "40/5400+30:900+30"]

1. e4 {[%emt 1:31:00]} c6 2. d4 {[%emt 0:00:30]} d5 3. Nc3 {[%emt 0:00:30]} g6 4. Nf3 {[%emt 0:00:30]} Bg7 5. Be3 {[%emt 0:00:30]} Nh6 6. exd5 {[%emt 0:00:30]} cxd5 7. Bb5+ {[%emt 0:00:30]} Nc6 8. Ne5 {[%emt 0:00:30]} Bd7 9. Nxd7 {[%emt 0:00:30]} Qxd7 10. Qf3 {[%emt 0:00:30]} Rd8 {[%emt 1:35:30]} 11. Bxh6 {[%emt 0:00:30]} Bxh6 {[%emt 0:00:30]} 12. h4 {[%emt 0:00:30]} O-O {[%emt 0:00:30]} 13. Bxc6 {[%emt 0:00:30]} bxc6 {[%emt 0:00:30]} 14. O-O {[%emt 0:00:30]} Bg7 {[%emt 0:00:30]} 15. Ne2 {[%emt 0:00:30]} c5 {[%emt 0:00:30]} 16. c3 {[%emt 0:00:30]} cxd4 {[%emt 0:00:30]} 17. cxd4 {[%emt 0:00:30]} h5 {[%emt 0:00:30]} 18. Rac1 {[%emt 0:00:30]} Rc8 {[%emt 0:00:30]} 19. b3 {[%emt 0:00:30]} Bh6 {[%emt 0:00:30]} 20. Nf4 {[%emt 0:00:30]} e6 {[%emt 0:00:30]} 21. g3 {[%emt 0:00:30]} Rc7 {[%emt 0:00:30]} 22. Rxc7 {[%emt 0:00:30]} Qxc7 {[%emt 0:00:30]} 23. Re1 {[%emt 0:00:30]} Qc2 {[%emt 0:00:30]} 24. a3 {[%emt 0:00:30]} Qb2 {[%emt 0:00:30]} 25. Rd1 {[%emt 0:00:30]} Qxa3 {[%emt 0:00:30]} 26. Kg2 {[%emt 0:00:30]} Qb2 {[%emt 0:00:30]} 27. Rd3 {[%emt 0:00:30]} Bg7 {[%emt 0:00:30]} 28. g4 {[%emt 0:00:30]} hxg4 {[%emt 0:00:30]} 29. Qxg4 {[%emt 0:00:30]} Bxd4 {[%emt 0:00:30]} 30. Rf3 {[%emt 0:00:30]} Bg7 {[%emt 0:00:30]} 31. h5 {[%emt 0:00:30]} gxh5 {[%emt 0:00:30]} 32. Nxh5 {[%emt 0:00:30]} Kh7 {[%emt 0:00:30]} 33. Qh4 {[%emt 0:00:30]} Bh6 {[%emt 0:00:30]} 34. Nf6+ {[%emt 0:00:30]} Kg6 {[%emt 0:00:30]} 35. Rg3+ {[%emt 0:00:30]} Kf5 {[%emt 0:00:30]} 36. Qxh6 {[%emt 0:00:30]} 1-0

[Event "Romanian-ch Women 2022"]
[Site "Eforie Nord"]
[Date "2022.02.25"]
[Round "7.9"]
[White "Nikanova, Ekaterina"]
[Black "Anghel, Maria"]
[Result "1-0"]
[WhiteElo "1935"]
[BlackElo "1834"]
[Annotator "NA"]
[PlyCount "69"]
[EventDate "2022.02.20"]
[EventType "swiss"]
[EventCountry "ROU"]
[SourceTitle "playchess.com"]
[Source "ChessBase"]
[SourceQuality "1"]
[TimeControl "40/5400+30:900+30"]

1. e4 c5 2. Nf3 d6 3. d4 cxd4 4. Nxd4 Nf6 5. Nc3 g6 6. Be3 Bg7 7. f3 a6 8. Qd2 h5 9. h4 b5 10. a3 Bb7 11. O-O-O Nbd7 12. Bd3 Rc8 13. Kb1 Ne5 14. f4 Neg4 15. Bg1 Rxc3 16. Qxc3 Nxe4 17. Qe1 Nc5 18. Qd2 O-O 19. f5 Ne5 20. Be3 Qd7 21. fxg6 {[%emt 0:09:46]} fxg6 {[%emt 0:08:38]} 22. Rhf1 {[%emt 0:00:30]} Rxf1 {[%emt 0:00:30]} 23. Rxf1 {[%emt 0:00:30]} Ncxd3 {[%emt 0:00:30]} 24. cxd3 {[%emt 0:00:30]} Ng4 {[%emt 0:00:30]} 25. Bg1 {[%emt 0:00:30]} e5 {[%emt 0:00:30]} 26. Nf3 {[%emt 0:00:30]} b4 {[%emt 0:00:30]} 27. axb4 {[%emt 0:00:30]} Bd5 {[%emt 0:00:30]} 28. Qc2 {[%emt 0:00:30]} Qb7 {[%emt 0:00:30]} 29. Ng5 {[%emt 0:00:30]} Nf6 {[%emt 0:00:30]} 30. Rc1 {[%emt 0:00:30]} Qxb4 {[%emt 0:00:30]} 31. Qc8+ {[%emt 0:00:30]} Bf8 {[%emt 0:00:30]} 32. Ne6 {[%emt 0:00:30]} Bxe6 {[%emt 0:00:30]} 33. Qxe6+ {[%emt 0:00:30]} Kg7 {[%emt 0:00:30]} 34. Rc7+ {[%emt 0:00:30]} Kh6 {[%emt 0:00:30]} 35. Be3+ {[%emt 1:12:25]} 1-0

[Event "Romanian-ch Women 2022"]
[Site "Eforie Nord"]
[Date "2022.02.25"]
[Round "7.10"]
[White "Matasaru, Stephanie"]
[Black "Hoanca, Alexia-Ioana"]
[Result "0-1"]
[WhiteElo "1861"]
[BlackElo "1710"]
[Annotator "NA"]
[PlyCount "138"]
[EventDate "2022.02.20"]
[EventType "swiss"]
[EventCountry "ROU"]
[SourceTitle "playchess.com"]
[Source "ChessBase"]
[SourceQuality "1"]
[TimeControl "40/5400+30:900+30"]

1. e4 {[%emt 0:00:44]} c6 {[%emt 0:00:00]} 2. d4 {[%emt 0:00:30]} d5 {[%emt 0:00:00]} 3. e5 {[%emt 0:00:30]} Bf5 {[%emt 0:00:16]} 4. Nf3 {[%emt 0:00:30]} h6 {[%emt 0:00:30]} 5. Be2 {[%emt 0:00:30]} e6 {[%emt 0:00:30]} 6. O-O {[%emt 0:00:30]} g5 {[%emt 0:00:30]} 7. b3 {[%emt 0:00:30]} Ne7 {[%emt 0:00:30]} 8. c4 {[%emt 0:00:30]} Nd7 {[%emt 0:00:30]} 9. Nc3 {[%emt 0:00:30]} dxc4 {[%emt 0:00:30]} 10. bxc4 {[%emt 0:00:30]} Bg7 {[%emt 0:00:30]} 11. Bb2 {[%emt 0:00:30]} O-O {[%emt 0:00:30]} 12. a4 {[%emt 0:00:30]} c5 {[%emt 0:00:30]} 13. dxc5 {[%emt 0:00:30]} Nxe5 {[%emt 0:00:30]} 14. Nxe5 {[%emt 0:00:30]} Bxe5 {[%emt 0:00:30]} 15. Qxd8 {[%emt 0:00:30]} Rfxd8 {[%emt 0:00:30]} 16. Rad1 {[%emt 0:00:30]} Bc2 {[%emt 0:00:30]} 17. Rxd8+ {[%emt 0:00:30]} Rxd8 {[%emt 0:00:30]} 18. Ba1 {[%emt 0:00:30]} a6 {[%emt 0:00:30]} 19. Bf3 {[%emt 0:00:30]} Nc6 {[%emt 0:00:30]} 20. Ne4 {[%emt 0:00:30]} Bxe4 {[%emt 0:00:30]} 21. Bxe4 {[%emt 0:00:30]} Bxa1 {[%emt 0:00:30]} 22. Rxa1 {[%emt 0:00:30]} Rd4 {[%emt 0:00:30]} 23. Bxc6 {[%emt 0:00:30]} bxc6 {[%emt 0:00:30]} 24. Rc1 {[%emt 0:00:30]} Rd2 {[%emt 0:00:30]} 25. Kf1 {[%emt 0:00:30]} Ra2 {[%emt 0:00:30]} 26. Rb1 {[%emt 0:00:30]} Rxa4 {[%emt 0:00:30]} 27. Rb6 {[%emt 0:00:30]} Rxc4 {[%emt 0:00:30]} 28. Rxc6 {[%emt 0:00:30]} a5 {[%emt 0:00:30]} 29. Rc8+ {[%emt 0:00:30]} Kg7 {[%emt 0:00:30]} 30. c6 {[%emt 0:00:30]} a4 {[%emt 0:00:30]} 31. Ra8 {[%emt 0:00:30]} Rxc6 {[%emt 0:00:30]} 32. Rxa4 {[%emt 0:00:30]} Rc2 {[%emt 0:00:30]} 33. g4 {[%emt 0:00:30]} f5 {[%emt 0:00:30]} 34. gxf5 {[%emt 0:00:30]} exf5 {[%emt 0:00:30]} 35. Ra6 {[%emt 0:00:30]} g4 {[%emt 0:00:30]} 36. Kg2 {[%emt 0:00:30]} Rc3 {[%emt 0:00:30]} 37. Ra7+ {[%emt 0:00:30]} Kg6 {[%emt 0:00:30]} 38. Ra8 {[%emt 0:00:30]} Kg5 {[%emt 0:00:30]} 39. Rg8+ {[%emt 0:00:30]} Kf4 {[%emt 0:00:30]} 40. Rh8 {[%emt 0:00:30]} Rh3 {[%emt 0:00:30]} 41. Ra8 {[%emt 0:15:30]} Rf3 {[%emt 0:15:30]} 42. Rh8 {[%emt 0:00:30]} Kg5 {[%emt 0:00:30]} 43. Rg8+ {[%emt 0:00:30]} Kf6 {[%emt 0:00:30]} 44. Ra8 {[%emt 0:00:30]} h5 {[%emt 0:00:30]} 45. Rh8 {[%emt 0:00:30]} Kg6 {[%emt 0:00:30]} 46. Rg8+ {[%emt 0:00:30]} Kh7 {[%emt 0:00:30]} 47. Rg5 {[%emt 0:00:30]} Kh6 {[%emt 0:00:30]} 48. Rg8 {[%emt 0:00:30]} h4 {[%emt 0:00:30]} 49. Ra8 {[%emt 0:00:30]} Kg5 {[%emt 0:00:30]} 50. Ra4 {[%emt 0:00:30]} h3+ {[%emt 0:00:30]} 51. Kf1 {[%emt 0:00:30]} Rb3 {[%emt 0:00:30]} 52. Ra1 {[%emt 0:00:30]} Kf4 {[%emt 0:00:30]} 53. Re1 {[%emt 0:00:30]} Kf3 {[%emt 0:00:30]} 54. Kg1 {[%emt 0:00:30]} f4 {[%emt 0:00:30]} 55. Rf1 {[%emt 0:00:30]} Ke2 {[%emt 0:00:30]} 56. Ra1 {[%emt 0:00:30]} Rb2 {[%emt 0:00:30]} 57. Rc1 {[%emt 0:00:30]} Rd2 {[%emt 0:00:30]} 58. Ra1 {[%emt 0:00:30]} Rd3 {[%emt 0:00:30]} 59. Ra2+ {[%emt 0:00:30]} Kf3 {[%emt 0:00:30]} 60. Ra1 {[%emt 0:00:30]} Rb3 {[%emt 0:00:30]} 61. Re1 {[%emt 0:00:30]} Rb2 {[%emt 0:00:30]} 62. Ra1 {[%emt 0:00:30]} Ke2 {[%emt 0:00:30]} 63. Rc1 {[%emt 0:00:30]} Rd2 {[%emt 0:00:30]} 64. Ra1 {[%emt 0:00:30]} Rd1+ {[%emt 0:00:30]} 65. Rxd1 {[%emt 0:00:30]} Kxd1 {[%emt 0:00:30]} 66. Kf1 {[%emt 0:00:30]} f3 {[%emt 0:00:30]} 67. Kg1 {[%emt 0:00:30]} Ke1 {[%emt 0:00:30]} 68. Kh1 {[%emt 0:00:30]} g3 {[%emt 0:00:30]} 69. hxg3 {[%emt 0:00:30]} Kxf2 {[%emt 0:00:30]} 0-1

[Event "Romanian-ch Women 2022"]
[Site "Eforie Nord"]
[Date "2022.02.25"]
[Round "7.11"]
[White "Maria, Lia-Alexandra"]
[Black "Schiopu, Oana-Magdalena"]
[Result "0-1"]
[WhiteElo "1832"]
[BlackElo "1534"]
[Annotator "NA"]
[PlyCount "88"]
[EventDate "2022.02.20"]
[EventType "swiss"]
[EventCountry "ROU"]
[SourceTitle "playchess.com"]
[Source "ChessBase"]
[SourceQuality "1"]
[TimeControl "40/5400+30:900+30"]

1. e4 {[%emt 0:00:00]} c5 {[%emt 0:00:00]} 2. Nf3 {[%emt 0:00:00]} d6 {[%emt 0:00:00]} 3. d4 {[%emt 0:00:00]} cxd4 {[%emt 0:00:00]} 4. Nxd4 {[%emt 0:00:28]} Nf6 {[%emt 0:00:00]} 5. Nc3 {[%emt 0:00:30]} a6 {[%emt 0:00:00]} 6. Be3 {[%emt 0:00:30]} e5 {[%emt 0:00:25]} 7. Nb3 {[%emt 0:00:30]} Be6 {[%emt 0:00:30]} 8. f3 {[%emt 0:00:30]} Be7 {[%emt 0:00:30]} 9. Qd2 {[%emt 0:00:30]} O-O {[%emt 0:00:30]} 10. O-O-O {[%emt 0:00:30]} Nc6 {[%emt 0:00:30]} 11. Nd5 {[%emt 0:00:30]} Bxd5 {[%emt 0:00:30]} 12. exd5 {[%emt 0:00:30]} Nb8 {[%emt 0:00:30]} 13. g4 {[%emt 0:00:30]} Nbd7 {[%emt 0:00:30]} 14. g5 {[%emt 0:00:30]} Nh5 {[%emt 0:00:30]} 15. h4 {[%emt 0:00:30]} Ng3 {[%emt 0:00:30]} 16. Rg1 {[%emt 0:00:30]} Nxf1 {[%emt 0:00:30]} 17. Rdxf1 {[%emt 0:00:30]} Nb6 {[%emt 0:00:30]} 18. Qd3 {[%emt 0:00:30]} g6 {[%emt 0:00:30]} 19. h5 {[%emt 0:00:30]} Rc8 {[%emt 0:00:30]} 20. f4 {[%emt 0:00:30]} exf4 {[%emt 0:00:30]} 21. Bxf4 {[%emt 0:00:30]} Qc7 {[%emt 0:00:30]} 22. hxg6 {[%emt 0:00:30]} fxg6 {[%emt 0:00:30]} 23. Kb1 {[%emt 0:00:30]} Qc4 {[%emt 0:00:30]} 24. Qe3 {[%emt 0:00:30]} Nxd5 {[%emt 0:00:30]} 25. Qe6+ {[%emt 0:00:30]} Kg7 {[%emt 0:00:30]} 26. Be5+ {[%emt 0:00:30]} dxe5 {[%emt 0:00:30]} 27. Qxe5+ {[%emt 0:00:30]} Bf6 {[%emt 0:00:30]} 28. gxf6+ {[%emt 0:00:30]} Nxf6 {[%emt 0:00:30]} 29. Nd4 {[%emt 0:00:30]} Rce8 {[%emt 0:00:30]} 30. Qf4 {[%emt 0:00:30]} Ne4 {[%emt 0:00:30]} 31. Nf5+ {[%emt 0:00:30]} Rxf5 {[%emt 0:00:30]} 32. Qxf5 {[%emt 0:00:30]} Nd2+ {[%emt 0:00:30]} 33. Ka1 {[%emt 0:00:30]} Nxf1 {[%emt 0:00:30]} 34. Qd7+ {[%emt 0:00:30]} Qf7 {[%emt 0:00:30]} 35. Qxf7+ {[%emt 0:00:30]} Kxf7 {[%emt 0:00:30]} 36. Rxf1+ {[%emt 0:00:30]} Kg7 {[%emt 0:00:30]} 37. b4 {[%emt 0:00:30]} h5 {[%emt 0:00:30]} 38. Kb2 {[%emt 0:00:30]} g5 {[%emt 0:00:30]} 39. Rd1 {[%emt 0:00:30]} Re7 {[%emt 0:00:30]} 40. Rd5 {[%emt 0:00:30]} Kf6 {[%emt 0:00:30]} 41. Kc3 {[%emt 0:15:30]} h4 {[%emt 0:15:30]} 42. Rd6+ {[%emt 0:00:30]} Ke5 {[%emt 0:00:30]} 43. Rg6 {[%emt 0:00:30]} Kf4 {[%emt 0:00:30]} 44. Rg8 {[%emt 0:00:30]} h3 {[%emt 0:00:30]} 0-1

[Event "Romanian-ch Women 2022"]
[Site "Eforie Nord"]
[Date "2022.02.25"]
[Round "7.12"]
[White "Bucur, Denisa-Andreea"]
[Black "Pirvan, Maria"]
[Result "1-0"]
[WhiteElo "2023"]
[BlackElo "1627"]
[Annotator "NA"]
[PlyCount "137"]
[EventDate "2022.02.20"]
[EventType "swiss"]
[EventCountry "ROU"]
[SourceTitle "playchess.com"]
[Source "ChessBase"]
[SourceQuality "1"]
[TimeControl "40/5400+30:900+30"]

1. e4 {[%emt 0:00:00]} c5 {[%emt 0:00:00]} 2. Nf3 {[%emt 0:00:00]} Nc6 {[%emt 0:00:00]} 3. d4 {[%emt 0:00:00]} cxd4 {[%emt 0:00:00]} 4. Nxd4 {[%emt 0:00:10]} Nf6 {[%emt 0:00:00]} 5. Nc3 {[%emt 0:00:30]} e5 {[%emt 0:00:17]} 6. Ndb5 {[%emt 0:00:30]} d6 {[%emt 0:00:30]} 7. Bg5 {[%emt 0:00:30]} a6 {[%emt 0:00:30]} 8. Na3 {[%emt 0:00:30]} b5 {[%emt 0:00:30]} 9. Bxf6 {[%emt 0:00:30]} gxf6 {[%emt 0:00:30]} 10. Nd5 {[%emt 0:00:30]} Bg7 {[%emt 0:00:30]} 11. Bd3 {[%emt 0:00:30]} Ne7 {[%emt 0:00:30]} 12. Nxe7 {[%emt 0:00:30]} Qxe7 {[%emt 0:00:30]} 13. O-O {[%emt 0:00:30]} O-O {[%emt 0:00:30]} 14. c4 {[%emt 0:00:30]} f5 {[%emt 0:00:30]} 15. Qh5 {[%emt 0:00:30]} d5 {[%emt 0:00:30]} 16. cxd5 {[%emt 0:00:30]} Qd8 {[%emt 0:00:30]} 17. exf5 {[%emt 0:00:30]} Qxd5 {[%emt 0:00:30]} 18. Qe2 {[%emt 0:00:30]} Bb7 {[%emt 0:00:30]} 19. f3 {[%emt 0:00:30]} Rfd8 {[%emt 0:00:30]} 20. Be4 {[%emt 0:00:30]} Qd4+ {[%emt 0:00:30]} 21. Kh1 {[%emt 0:00:30]} Bxe4 {[%emt 0:00:30]} 22. fxe4 {[%emt 0:00:30]} Qd2 {[%emt 0:00:30]} 23. Rae1 {[%emt 0:00:30]} Rac8 {[%emt 0:00:30]} 24. h3 {[%emt 0:00:30]} Bh6 {[%emt 0:00:30]} 25. Qg4+ {[%emt 0:00:30]} Qg5 {[%emt 0:00:30]} 26. Qf3 {[%emt 0:00:30]} Rd2 {[%emt 0:00:30]} 27. Re2 {[%emt 0:00:30]} Rxe2 {[%emt 0:00:30]} 28. Qxe2 {[%emt 0:00:30]} Rc1 {[%emt 0:00:30]} 29. Nb1 {[%emt 0:00:30]} Rxf1+ {[%emt 0:00:30]} 30. Qxf1 {[%emt 0:00:30]} b4 {[%emt 0:00:30]} 31. Qe1 {[%emt 0:00:30]} Qc1 {[%emt 0:00:30]} 32. Qxc1 {[%emt 0:00:30]} Bxc1 {[%emt 0:00:30]} 33. b3 {[%emt 0:00:30]} Kf8 {[%emt 0:00:30]} 34. Kg1 {[%emt 0:00:30]} Ke7 {[%emt 0:00:30]} 35. Kf2 {[%emt 0:00:30]} Kd6 {[%emt 0:00:30]} 36. Ke2 {[%emt 0:00:30]} Kc5 {[%emt 0:00:30]} 37. Kd3 {[%emt 0:00:30]} Bf4 {[%emt 0:00:30]} 38. f6 {[%emt 0:00:30]} Bg5 {[%emt 0:00:30]} 39. g3 {[%emt 0:00:30]} Bxf6 {[%emt 0:00:30]} 40. Nd2 {[%emt 0:00:30]} Bg5 {[%emt 0:00:30]} 41. Nf3 {[%emt 0:15:30]} f6 {[%emt 0:15:30]} 42. Nh2 {[%emt 0:00:30]} Bh6 {[%emt 0:00:30]} 43. Ng4 {[%emt 0:00:30]} Bg7 {[%emt 0:00:30]} 44. Ne3 {[%emt 0:00:30]} a5 {[%emt 0:00:30]} 45. Nc4 {[%emt 0:00:30]} Kb5 {[%emt 0:00:30]} 46. Nd6+ {[%emt 0:00:30]} Kc5 {[%emt 0:00:30]} 47. Nf5 {[%emt 0:00:30]} Bf8 {[%emt 0:00:30]} 48. Ke3 {[%emt 0:00:30]} Kb5 {[%emt 0:00:30]} 49. Kf3 {[%emt 0:00:30]} Kc6 {[%emt 0:00:30]} 50. Kg4 {[%emt 0:00:30]} Kd7 {[%emt 0:00:30]} 51. Kh5 {[%emt 0:00:30]} Ke6 {[%emt 0:00:30]} 52. Ne3 {[%emt 0:00:30]} Bg7 {[%emt 0:00:30]} 53. Kg4 {[%emt 0:00:30]} Bf8 {[%emt 0:00:30]} 54. Nc4 {[%emt 0:00:30]} Bc5 {[%emt 0:00:30]} 55. Nxa5 {[%emt 0:00:30]} Be3 {[%emt 0:00:30]} 56. Nc4 {[%emt 0:00:30]} Bc1 {[%emt 0:00:30]} 57. Nb6 {[%emt 0:00:30]} Bh6 {[%emt 0:00:30]} 58. Nc4 {[%emt 0:00:30]} Bc1 {[%emt 0:00:30]} 59. Kf3 {[%emt 0:00:30]} Kd7 {[%emt 0:00:30]} 60. Nb6+ {[%emt 0:00:30]} Ke6 {[%emt 0:00:30]} 61. Nd5 {[%emt 0:00:30]} Ba3 {[%emt 0:00:30]} 62. Ne3 {[%emt 0:00:30]} Bc1 {[%emt 0:00:30]} 63. Nc2 {[%emt 0:00:30]} Bd2 {[%emt 0:00:30]} 64. Ke2 {[%emt 0:00:30]} Bc3 {[%emt 0:00:30]} 65. g4 {[%emt 0:00:30]} Kd6 {[%emt 0:00:30]} 66. Ne3 {[%emt 0:00:30]} Ke6 {[%emt 0:00:30]} 67. Kd3 {[%emt 0:00:30]} Be1 {[%emt 0:00:30]} 68. Nc2 {[%emt 0:00:30]} Bc3 {[%emt 0:00:30]} 69. Kc4 {[%emt 0:00:30]} 1-0